Tên phố Hà Nội : Từ cuối thế kỷ XIX đến nay
Nghiên cứu tên phố tại "không gian lõi" của đô thị Hà Nội trên địa bàn bốn quận Ba Đình, Hoàn Kiếm, Đống Đa, Hai bà Trưng về phương thức, quy trình định danh và phân loại tên phố, đặc biệt là hệ thống các tên phố Hà Nội được đa...
Na minha lista:
| Autor principal: | |
|---|---|
| Formato: | Livro |
| Idioma: | Undetermined |
| Publicado em: |
Hà Nội
Nxb. Đại học Quốc gia Hà Nội
2020
|
| Assuntos: | |
| Tags: |
Adicionar Tag
Sem tags, seja o primeiro a adicionar uma tag!
|
| Thư viện lưu trữ: | Trung tâm Học liệu Trường Đại học Cần Thơ |
|---|
| LEADER | 01093nam a2200217Ia 4500 | ||
|---|---|---|---|
| 001 | CTU_240114 | ||
| 008 | 210402s9999 xx 000 0 und d | ||
| 082 | |a 959.731 | ||
| 082 | |b L120 | ||
| 100 | |a Phùng, Thị Thanh Lâm | ||
| 245 | 0 | |a Tên phố Hà Nội : | |
| 245 | 0 | |b Từ cuối thế kỷ XIX đến nay | |
| 245 | 0 | |c Phùng Thị Thanh Lâm | |
| 260 | |a Hà Nội | ||
| 260 | |b Nxb. Đại học Quốc gia Hà Nội | ||
| 260 | |c 2020 | ||
| 520 | |a Nghiên cứu tên phố tại "không gian lõi" của đô thị Hà Nội trên địa bàn bốn quận Ba Đình, Hoàn Kiếm, Đống Đa, Hai bà Trưng về phương thức, quy trình định danh và phân loại tên phố, đặc biệt là hệ thống các tên phố Hà Nội được đặt theo phương thức miêu tả và phương thức chuyển hóa. | ||
| 650 | |a Việt Nam,Vietnam | ||
| 650 | |x Lịch sử,History | ||
| 910 | |b nthai | ||
| 980 | |a Trung tâm Học liệu Trường Đại học Cần Thơ | ||